Statistics for Guess the Football Player Based on County: Good Country Edition

Click here to take the quiz!

General Stats

  • This quiz has been taken 21 times
  • The average score is 14 of 39

Answer Stats

HintAnswer% Correct
Portugal STCristiano Ronaldo
100%
Argentina RWLionel Messi
100%
Norway STErling Haaland
88%
Belgium CMKevin De Bruyne
81%
Netherlands CBVirgil Van Dijk
75%
Canada LBAlphonso Davies
69%
Germany GKManuel Neuer
69%
England CMJude Bellingham
63%
France LWKylian Mbappe
63%
USA RWChristian Pulisic
56%
Egypt RWMohamed Salah
50%
Poland STRobert Lewandowski
50%
Morocco RBAchraf Hakimi
44%
Italy GKGianluigi Donnarumma
44%
Uruguay CMFederico Valverde
38%
Sweden STAlexander Isak
31%
Austria CBDavid Alaba
31%
South Korea LWHeung Min Son
31%
Senegal CFSadio Mane
31%
Mexico STSantiago Gimenez
31%
Costa Rica GKKeylor Navas
25%
Algeria RWRiyad Mahrez
25%
Nigeria STVictor Osimhen
25%
Colombia LWLuis Diaz
19%
Australia GKMatt Ryan
19%
Ecuador CDMMoises Caicedo
19%
Brazil LWVinicius Jr
19%
Spain CDMRodri
13%
Chile CFAlexis Sanchez
6%
Russia LMGolovin
6%
Japan LMKauro Mitoma
6%
Jamaica RMLeon Bailey
6%
Iran STMehdi Taremi
6%
Ukraine LWMykhailo Mudryk
6%
Finland STPukki
6%
Ivory Coast STSebastian Haller
6%
Ghana CDMThomas Partey
6%
Switzerland GKGregory Kobel
0%
Turkey CMHakan Calanoglu
0%

Score Distribution

Percentile by Number Answered

Percent of People with Each Score

Your Score History

You have not taken this quiz